00345nam a2200133Ia 4500008004100000041000800041082001600049100001800065245006400083260002200147300000800169365001600177700001800193230612s9999 xx 000 0 und d aeng a670.427 SHI aShinskey F.G. aProcess Control Systems bApplication Design And Adjestment c1988bMcGraw Hill a526 cRs.b362.45 aShinskey F.G.